Enthospitalisierung forensisch-psychiatrischer Langzeitpatienten
| Main Author: | |
|---|---|
| Format: | Print Book |
| Language: | German |
| Published: |
Bonn
Psychiatrie-Verl.
1999
|
| In: | Year: 1999 |
| Edition: | 1. Aufl. |
| Online Access: |
Table of Contents Table of Contents |
| Availability in Tübingen: | Present in Tübingen. IFK: M IX 190 |
| Check availability: | HBZ Gateway |
| Subito Delivery Service: | Order now. |
| Keywords: |
MARC
| LEADER | 00000cam a2200000 c 4500 | ||
|---|---|---|---|
| 001 | 301557462 | ||
| 003 | DE-627 | ||
| 005 | 20260222170503.0 | ||
| 007 | tu | ||
| 008 | 990824s1999 gw ||||| 00| ||ger c | ||
| 015 | |a 99,N36,0503 |2 dnb | ||
| 015 | |a 99,A51,0865 |2 dnb | ||
| 016 | 7 | |a 956618979 |2 DE-101 | |
| 020 | |a 3884142399 |q : DM 98.00, sfr 89.00, S 715.00 (brosch.) |9 3-88414-239-9 | ||
| 035 | |a (DE-627)301557462 | ||
| 035 | |a (DE-603)082128464 | ||
| 035 | |a (DE-576)083101853 | ||
| 035 | |a (DE-599)DNB956618979 | ||
| 035 | |a (OCoLC)247737566 | ||
| 035 | |a (OCoLC)42668943 | ||
| 040 | |a DE-627 |b ger |c DE-627 |e rakwb | ||
| 041 | |a ger | ||
| 044 | |c XA-DE |c XA-DE-NW | ||
| 084 | |a 33 |2 sdnb | ||
| 084 | |a 33 |a 11 |a 19 |2 sdnb | ||
| 084 | |a YH 8404 |2 rvk |0 (DE-625)rvk/153588:12910 | ||
| 084 | |a 44.91 |2 bkl | ||
| 084 | |a 86.41 |2 bkl | ||
| 100 | 1 | |8 1\p |a Bargfrede, Hartmut |d 1955-2020 |0 (DE-588)121146189 |0 (DE-627)081116209 |0 (DE-576)292558236 |4 aut | |
| 109 | |a Bargfrede, Hartmut 1955-2020 |a Bargfrede, H. 1955-2020 | ||
| 245 | 1 | 0 | |a Enthospitalisierung forensisch-psychiatrischer Langzeitpatienten |c Hartmut Bargfrede |
| 250 | |a 1. Aufl. | ||
| 263 | |a kart. : DM 98.00, sfr 89.00, S 715.00 | ||
| 264 | 1 | |a Bonn |b Psychiatrie-Verl. |c 1999 | |
| 300 | |a 416 S |b graph. Darst. |c 21 cm | ||
| 336 | |a Text |b txt |2 rdacontent | ||
| 337 | |a ohne Hilfsmittel zu benutzen |b n |2 rdamedia | ||
| 338 | |a Band |b nc |2 rdacarrier | ||
| 490 | 0 | |a Forschung für die Praxis - Hochschulschriften | |
| 502 | |a Zugl.: Bielefeld, Univ., Diss., 1998 u.d.T. Enthospitalisierung des harten Kerns der Forensischen Psychiatrie | ||
| 650 | 0 | |a Forensic Psychiatry | |
| 689 | 0 | 0 | |d b |0 (DE-588)2092197-4 |0 (DE-627)100479456 |0 (DE-576)19273797X |a Westfälisches Zentrum für Forensische Psychiatrie |2 gnd |
| 689 | 0 | 1 | |d s |0 (DE-588)4047682-0 |0 (DE-627)104117265 |0 (DE-576)209074345 |a Psychisch Kranker |2 gnd |
| 689 | 0 | 2 | |d s |0 (DE-588)4058881-6 |0 (DE-627)106145592 |0 (DE-576)209128313 |a Täter |2 gnd |
| 689 | 0 | 3 | |d s |0 (DE-588)4166722-0 |0 (DE-627)104674377 |0 (DE-576)209903961 |a Langzeittherapie |2 gnd |
| 689 | 0 | 4 | |d s |0 (DE-588)4128233-4 |0 (DE-627)105718823 |0 (DE-576)209600365 |a Resozialisierung |2 gnd |
| 689 | 0 | |5 DE-101 | |
| 856 | 4 | 2 | |u http://www.gbv.de/dms/hbz/toc/ht011104875.pdf |m V:DE-605 |q pdf/application |v 2008-11-15 |x Verlag |y Inhaltsverzeichnis |3 Inhaltsverzeichnis |7 1 |
| 856 | 4 | 2 | |u http://scans.hebis.de/HEBCGI/show.pl?08212846_toc.pdf |m V:DE-605 |q application/pdf |3 Inhaltsverzeichnis |7 1 |
| 883 | |8 1\p |a cgwrk |d 20241001 |q DE-101 |u https://d-nb.info/provenance/plan#cgwrk | ||
| 935 | |i Blocktest | ||
| 936 | r | v | |a YH 8404 |b Dissertation, Habilitationsarbeit |k Medizin |k Psychiatrie, Medizinische Psychologie |k Spezielle Psychiatrie |k Gerichtliche Psychiatrie |k Spezielle gerichtliche Psychiatrie |k A. Formalschlüssel |k Dissertation, Habilitationsarbeit |0 (DE-627)1271619520 |0 (DE-625)rvk/153588:12910 |0 (DE-576)201619520 |
| 936 | b | k | |a 44.91 |j Psychiatrie |j Psychopathologie |0 (DE-627)106409972 |
| 936 | b | k | |a 86.41 |j Kriminologie |0 (DE-627)181572001 |
| 936 | s | n | |a w200 |2 mzub |
| 936 | s | n | |a c200 |2 mzub |
| 936 | s | n | |a p100 |2 mzub |
| 951 | |a BO | ||
| ELC | |b 1 | ||
| LOK | |0 000 xxxxxcx a22 zn 4500 | ||
| LOK | |0 001 3136337719 | ||
| LOK | |0 003 DE-627 | ||
| LOK | |0 004 301557462 | ||
| LOK | |0 005 20020411000000 | ||
| LOK | |0 008 000202||||||||||||||||ger||||||| | ||
| LOK | |0 040 |a DE-21-110 |c DE-627 |d DE-21-110 | ||
| LOK | |0 852 |a DE-21-110 | ||
| LOK | |0 852 1 |c M IX 190 |m p |9 00 | ||
| LOK | |0 935 |a k110 | ||
| LOK | |0 936ln |a 8.6.6 | ||
| LOK | |0 938 |k p | ||
| LOK | |0 939 |a 2000-02-02 |b l01 | ||
| ORI | |a WA-MARC-krimdoka001.raw | ||
| SIG | |a IFK: M IX 190 | ||
| TIM | |a 100019840401_100020061231 |b 1984-04-01 - 2006 | ||
